[Event "Norwood Centenary"]
[Site "Norwood"]
[Date "1990.04.14"]
[Round "1.10"]
[White "Djelaj, Pasko"]
[Black "Manning, Cliff"]
[Result "1-0"]
[WhiteElo "1759"]
[BlackElo "1246"]
[PlyCount "55"]
[EventDate "1990.04.14"]
[EventType "swiss"]
[EventRounds "6"]
[EventCountry "AUS"]

1. e4 e5 2. Nf3 Nc6 3. Bb5 d6 4. O-O Nf6 5. d3 a6 6. Ba4 b5 (6... Bd7 7. c3 Be7
8. Re1 O-O 9. Nbd2 Re8 10. Nf1 Bf8 11. Ne3 g6 12. b4 h6 13. Bb3 Bg7 14. h3 Rf8
15. Kh2 Kh7 16. g3 Ne7 17. Bc2 a5 18. bxa5 Qc8 19. Ng1 Rxa5 20. a4 Qa8 21. Bd2
{Los,S-Ilincic,Z/Budapest Spring op 1990/EXP 17/0-1 (36)}) 7. Bb3 {
Ruy Lopez [Russian Defence]} Bg4 (7... Na5 8. Nbd2 c5 9. c3 Qc7 10. Bc2 Be7 11.
a4 O-O 12. axb5 axb5 13. b4 cxb4 14. cxb4 Nb3 15. Rxa8 Nxc1 16. Qxc1 Bg4 17.
Rxf8+ Bxf8 18. Bb3 Ne8 19. Ng5 g6 20. Bxf7+ {
1-0 Meszaros,A-Gal,K/Balatonbereny op 1995/EXP 49 (20)}) 8. c3 Qd7 $146 (8...
Be7 9. Bg5 h6 10. Bh4 O-O 11. Re1 Re8 12. Kh1 d5 13. Bxf6 Bxf6 14. Bxd5 Qd7 15.
Nbd2 Rad8 16. Nb3 Qd6 17. d4 exd4 18. cxd4 Nb4 19. Rc1 Nxd5 20. exd5 Rxe1+ 21.
Qxe1 Bxf3 22. gxf3 Qxd5 23. Qe3 Bg5 {
0-1 Saakian,A-Geczi,M/EU-chJW U10 Herculane 1994/TD 94\01 (23)}) 9. a4 Na7 $14
(9... b4 10. h3 Bh5 11. Bg5 $11) 10. Re1 c6 {Covers d5} 11. Be3 Be7 12. Nbd2
O-O 13. Nf1 Rfb8 14. a5 c5 15. h3 Bh5 (15... Be6 16. Bxe6 Qxe6 17. Ng3 $11) 16.
Ng3 Nc6 $16 {Black plans b4} (16... Bg6 17. Nh4 $14) 17. Bc2 $11 (17. Nxh5 $5
Nxh5 18. Nxe5 Nxe5 19. Qxh5 $14) 17... Bd8 $16 (17... Bg6 $5 $11) 18. Bg5 $11 (
18. Nxh5 $5 Nxh5 19. Nxe5 dxe5 20. Qxh5 $14) 18... Bxf3 $14 (18... Bg6 19. Nh4
$11) 19. Qxf3 b4 {Black gets more space} (19... Nxa5 $2 {
doesn't work because of} 20. Bxf6 Bxf6 21. Rxa5 $18) 20. Ba4 Ne8 21. Bxd8 Rxd8
22. Nf5 Nf6 $4 $18 {cause more grief} (22... Rac8 $142 $16) 23. Bxc6 Qe6 24.
Bxa8 Rxa8 25. cxb4 cxb4 26. d4 exd4 (26... g6 {is the last straw} 27. d5 Qd7
$18) 27. e5 $1 {puts the final touch} dxe5 (27... Rd8 {doesn't improve anything
} 28. Nh6+ Kf8 29. exf6 Qxf6 30. Qxf6 gxf6 31. Rac1 $18) 28. Qxa8+ (28. Qxa8+
Qe8 29. Qxa6 $18) 1-0

[Event "Norwood Centenary"]
[Site "Norwood"]
[Date "1990.04.14"]
[Round "1.11"]
[White "Fraser, Lee"]
[Black "Condon, Robert F"]
[Result "0-1"]
[WhiteElo "1245"]
[BlackElo "1745"]
[PlyCount "54"]
[EventDate "1990.04.14"]
[EventType "swiss"]
[EventRounds "6"]
[EventCountry "AUS"]

1. e4 e5 2. f4 Qh4+ {King's Gambit Declined} 3. g3 Qe7 4. f5 $15 {
White gains space} (4. Nc3 exf4 5. d4 (5. gxf4 Qh4+ 6. Ke2 d6 7. Nf3 Bg4 8. Bg2
Nc6 9. d4 g6 10. Be3 Bh6 11. Qe1 Qxe1+ 12. Raxe1 Bg7 13. d5 Nb4 14. Kd2 a5 15.
h3 Bd7 16. Bd4 Bxd4 17. Nxd4 O-O-O 18. a3 Na6 19. e5 dxe5 20. fxe5 Nh6 21. e6
Bxe6 22. Nxe6 fxe6 23. Rxe6 c6 24. Kc1 Nc7 25. Re5 Nxd5 26. Nxd5 cxd5 27. Rxd5
{1/2-1/2 Stillger,B-Konopleva,N/Dortmund 1990/EXT 90op (27)}) 5... fxg3 (5...
c6 6. Bxf4 Nf6 7. Qe2 d5 8. Bg5 h6 9. Bxf6 Qxf6 10. exd5+ Be7 11. O-O-O O-O 12.
Bh3 Bb4 13. Bxc8 Rxc8 14. Qg4 Na6 15. Nge2 Bxc3 16. Nxc3 cxd5 17. Nxd5 Qd6 18.
Ne3 Nb4 19. a3 Na2+ 20. Kb1 Nc3+ 21. bxc3 Rxc3 22. Qxg7+ {
1-0 David,A-Hanser,M/Bled op 1996/EXP 51 (22)}) 6. hxg3 d5 7. Bf4 c6 8. Qe2 Be6
9. O-O-O Nf6 10. Bg5 Bg4 11. Bxf6 Bxe2 12. Bxe7 Bxd1 13. Bxf8 Kxf8 14. Kxd1
dxe4 15. Nxe4 g6 16. Nf3 Kg7 17. Bc4 b5 18. Bb3 a5 {
Gallagher,J-Berezovsky,I/Bern op 1993/TD 93\03/1-0 (53)}) (4. d3 exf4 5. Bxf4
d5 6. Nc3 Nf6 7. Qe2 Bg4 8. Qe3 Be6 9. O-O-O Qd7 10. Nge2 Bb4 11. d4 dxe4 12.
Bg2 O-O 13. a3 Bxc3 14. Nxc3 Nd5 15. Qxe4 Nxc3 16. bxc3 c6 17. Qe5 Qe7 18. Qd6
Qxd6 {Jorge,A-Jones,I/Thessaloniki olm 1984/BIG 80/0-1 (36)}) (4. fxe5 d6 $11)
4... d5 {Black fights for the Initiative} 5. d3 dxe4 6. dxe4 Nf6 7. Nc3 Qb4 8.
Qd3 Nc6 9. Nf3 Bd7 10. Qb5 $2 $19 (10. a3 $142 {would allow White to play on}
Qb6 11. b4 $14) 10... Nxe4 11. Qxb4 Bxb4 12. Bd2 Nxd2 13. Kxd2 Bxf5 14. a3
O-O-O+ 15. Kc1 Bc5 (15... Bxc3 {seems even better} 16. bxc3 Rhe8 17. Bg2 $19)
16. Bc4 Be3+ 17. Kb1 Nd4 (17... f6 {and Black can already relax} 18. Rf1 $19)
18. Ne1 (18. Nxd4 Bxd4 19. Rf1 Bg6 20. Bxf7 Rdf8 21. Be6+ Kd8 $19) 18... Bd2
19. Nb5 (19. Nd3 $19) 19... Bxe1 20. Nxd4 (20. Rxe1 {is not much help} Nxc2 (
20... Bxc2+ $143 21. Kc1 $19) 21. Ka2 Nxe1 (21... Nxa1 $143 22. Rxe5 Bg6 23.
Kxa1 $19) 22. Rxe1 a6 $19) 20... Rxd4 21. Bxf7 (21. Rxe1 {
cannot change what is in store for ?} Rxc4 22. Rxe5 Bxc2+ 23. Ka2 Re4 $19)
21... Bf2 22. Ka2 e4 (22... Bxc2 {keeps an even firmer grip} 23. Rhf1 Rd2 24.
Bb3 $19) 23. Bh5 (23. Rad1 {cannot change destiny} Rhd8 24. Rxd4 Rxd4 $19)
23... e3 24. Rhf1 (24. Rad1 {is not the saving move} Rhd8 25. Rxd4 Rxd4 $19)
24... Bxc2 25. Be2 a5 26. Rac1 Rd2 27. Bg4+ (27. Bc4 {does not win a prize} Kd7
$19) 27... Kb8 (27... Kb8 28. a4 Rf8 $19) 0-1

[Event "Norwood Centenary"]
[Site "Norwood"]
[Date "1990.04.14"]
[Round "1.12"]
[White "Steffensen, Dennis A"]
[Black "Fereday, Anthony"]
[Result "1-0"]
[WhiteElo "1685"]
[BlackElo "1221"]
[PlyCount "49"]
[EventDate "1990.04.14"]
[EventType "swiss"]
[EventRounds "6"]
[EventCountry "AUS"]

1. d4 Nf6 2. c4 e6 3. Nc3 b6 4. e4 Bb4 5. Bd3 Bb7 {Queen's Indian} 6. f3 d5 (
6... Bxc3+ 7. bxc3 d6 8. Ne2 Nbd7 9. O-O (9. Bg5 h6 10. Be3 Qe7 11. O-O O-O-O
12. Nc1 g5 13. Qc2 Nh5 14. Re1 Nf4 15. Bf1 Qf6 16. Nb3 g4 17. fxg4 Rdg8 18. h3
h5 19. g3 hxg4 20. h4 Nh3+ 21. Kh2 Qg6 22. Bg2 Nf6 23. Nd2 Nh5 24. Rf1 Nxg3 25.
Kxg3 Qh5 26. Bxh3 Qxh4+ 27. Kg2 gxh3+ 28. Kh1 Qg3 29. Rf2 h2 {
0-1 Bastys,R-Kybartas,A/LTU-ch Vilnius 1996/EXP 53 (29)}) 9... O-O 10. Bg5 Qe8
11. Ng3 Kh8 12. f4 Ng8 13. e5 f6 14. exf6 Ngxf6 15. Qc2 Qf7 16. Rae1 Rfe8 17.
Re3 Nf8 18. f5 e5 19. d5 N8d7 20. Ne4 Nxe4 {
1/2-1/2 Effert,K-Heidenfeld,M/Wuert-ch Moeglingen 1989/GER 01 (20)}) 7. cxd5
$146 {White wins space} (7. Bg5 h6 8. Bxf6 gxf6 9. Nge2 dxc4 10. Bxc4 c6 11.
Rc1 Nd7 12. Qb3 Bd6 13. d5 Nc5 14. Qd1 cxd5 15. exd5 e5 16. Bb5+ Kf8 17. Ne4 a6
18. Bc4 f5 19. Nxd6 Qxd6 20. Ng3 f4 21. Ne4 Nxe4 22. fxe4 Rg8 23. Rg1 b5 24.
Bb3 Qb4+ 25. Kf1 Qxe4 26. Qf3 Qxf3+ 27. gxf3 Rxg1+ 28. Kxg1 Rd8 29. Rc5 Rc8 30.
Rxc8+ Bxc8 31. Kf2 f6 32. Ke2 Ke7 33. a4 Kd6 34. axb5 axb5 35. Kd3 f5 36. Ke2
e4 37. Ba2 Bb7 {0-1 Norgauer,M-Scherer,M/Konstanz-U20 1983/GER 04 (37)}) (7. e5
Nfd7 8. Nge2 dxc4 9. Bxc4 Qh4+ 10. Ng3 c5 11. Be3 Nc6 12. a3 cxd4 13. axb4 dxc3
14. f4 cxb2 15. Rb1 Rd8 16. O-O Ndxe5 17. Qb3 Ng4 18. Rfd1 Qxh2+ 19. Kf1 Rxd1+
20. Rxd1 b1=Q 21. Rxb1 Qxg3 22. Bxe6 Nxe3+ {
0-1 Schauer-Sturm/Oberwart op 1991/TD 91\08 (22)}) 7... exd5 8. e5 $11 {
White gets more space} (8. Qa4+ Nc6 9. Nge2 dxe4 10. fxe4 O-O $11) 8... Nfd7 9.
a3 Bxc3+ 10. bxc3 O-O 11. f4 Qh4+ 12. g3 Qe7 13. Nf3 c5 14. O-O Nc6 15. Bxh7+
Kh8 16. Bc2 f5 $2 (16... cxd4 17. Qd3 g6 18. cxd4 a5 $18) 17. Nh4 Qe6 (17...
Kg8 {cannot undo what has already been done} 18. Nxf5 Qe6 19. Nd6 $18) 18. Qh5+
Kg8 19. Nxf5 (19. Bxf5 $5 {might be the shorter path} Rxf5 20. Nxf5 Rf8 $18)
19... g6 20. Nh6+ Kg7 21. Qg5 Ne7 (21... cxd4 {no good, but what else?} 22. f5
Qxe5 $18) 22. f5 Nxf5 23. Nxf5+ Rxf5 24. Bxf5 Qe8 25. Qh6+ (25. Qh6+ Kg8 26.
Bxg6 $18) 1-0

[Event "Norwood Centenary"]
[Site "Norwood"]
[Date "1990.04.14"]
[Round "1.13"]
[White "Egg, Marcel"]
[Black "Hoff, Gregory A"]
[Result "0-1"]
[WhiteElo "1137"]
[BlackElo "1673"]
[PlyCount "60"]
[EventDate "1990.04.14"]
[EventType "swiss"]
[EventRounds "6"]
[EventCountry "AUS"]

1. c4 e6 2. d4 d5 3. e3 c5 4. Nf3 {Queen's Gambit} cxd4 $146 (4... Nc6 5. a3 (
5. dxc5 Bxc5 6. a3 dxc4 7. Qxd8+ Nxd8 8. Bxc4 a6 9. Nbd2 Nf6 10. b4 Be7 11. Bb2
b5 12. Bd3 Bb7 13. Ke2 O-O 14. Rhc1 Nc6 15. Rc2 Rfc8 16. Rac1 Nd8 17. Nb3 Rxc2+
18. Rxc2 Rc8 19. Rxc8 Bxc8 {
Chekhov,V-Kosic,D/Prague Bohemians 1989/CBM 12/1/2-1/2 (60)}) (5. Nc3 cxd4 6.
exd4 {1/2-1/2 Johnsen,S-Hjelmaas,L/Gausdal TM 1991/TD 91\06 (6)}) 5... Nf6 6.
dxc5 Bxc5 7. b4 Bd6 8. Bb2 O-O 9. Nbd2 a6 10. Bd3 Qe7 11. Qc2 h6 12. Rd1 Rd8
13. O-O Bd7 14. Qb1 Rac8 15. cxd5 exd5 16. Qa1 Be6 17. Rfe1 Bb8 18. h3 Ba7 19.
Rc1 {Schandorff,L-Hartung Nielsen,J/Naestved op 1988/TD 88\05/1/2-1/2 (51)}) (
4... a6 5. dxc5 Bxc5 6. a3 Nf6 7. b4 Ba7 8. Bb2 O-O 9. Nbd2 Nc6 10. Be2 Qe7 11.
O-O dxc4 12. Nxc4 Rd8 13. Qc2 b5 14. Nce5 Nxe5 15. Bxe5 Bb7 16. Rfd1 Ne4 17.
Rac1 f6 18. Bd4 Rac8 19. Qb2 Bb8 20. Rxc8 Bxc8 21. Qb1 Bb7 22. Bb2 Rxd1+ 23.
Bxd1 Qd6 24. h4 Nd2 25. Nxd2 Qxd2 26. Bb3 Kf7 27. Bd4 Bg3 28. Qf1 Bxh4 29. g3
Bg5 30. Qd1 Qxd1+ 31. Bxd1 f5 32. f4 Bf6 33. Kf2 h6 34. Ke1 g5 35. Kf2 Ke7 36.
Ke2 Bd5 37. Bxf6+ Kxf6 38. Kd3 e5 39. Kd2 {
Tyrtania,M-Blauert,J/2.BLN9697 SV Luebeck-Lasker 1997/BL2-N/0-1 (56)}) 5. exd4
dxc4 6. Bxc4 Nf6 7. a3 {Prevents intrusion on b4} h6 {Controls g5} 8. b3 Nbd7
9. Bb2 Nb6 10. Be2 Bd7 11. Nbd2 Bd6 12. O-O O-O 13. Bd3 Bc6 14. Re1 Rc8 15. Ne4
$15 (15. Nc4 Nbd5 $11) 15... Nbd5 16. g3 {Consolidates f4} Nxe4 {
Black is in command} 17. Bxe4 f5 $11 (17... Nc3 18. Bh7+ Kxh7 19. Bxc3 $11) 18.
Bxd5 $15 (18. Bc2 $5 $11 {is worth consideration}) 18... Bxd5 {A valuable piece
} 19. Ne5 {The knight dominates} f4 20. Qd3 $17 (20. Rc1 fxg3 21. hxg3 Rxc1 22.
Bxc1 Qf6 $17) 20... fxg3 21. fxg3 (21. Qxg3 $4 Rc2 22. Rab1 Bxe5 (22... Rfxf2 {
is much weaker} 23. Qxf2 Qg5+ 24. Kf1 Bg2+ 25. Kg1 Be4+ 26. Kf1 Rxf2+ 27. Kxf2
Bxb1 28. Nf3 $19) 23. Rxe5 Rf3 $19 (23... Rcxf2 $143 24. h3 $19)) 21... Bxe5
22. Rxe5 (22. dxe5 $4 Rc2 $3 {a sacrifice that decides the game} 23. Re4 Rxb2
$19) 22... Rf3 23. Re3 $2 $19 (23. Qe2 $142 $5 Rxb3 24. Rc1 (24. Rxe6 $4 {
would be a gruesome error} Rxb2 25. Qxb2 Bxe6 $19) 24... Rxc1+ 25. Bxc1 $19)
23... Rxe3 {The mate threat is Rxd3} 24. Qxe3 Rc2 25. Rb1 (25. Bc1 Rg2+ 26. Kf1
$19) 25... Rg2+ (25... Qf6 $142 {nails it down} 26. Qf4 Qg6 $19) 26. Kf1 Rxh2
27. Bc1 Qf6+ (27... Qc7 $142 $5 {makes it even easier for Black} 28. Rb2 Rh1+
29. Kf2 Rxc1 30. Ke2 $19) 28. Qf4 (28. Ke1 {praying for a miracle} Bf3 29. Rb2
Rh1+ 30. Kd2 $19) 28... Qg6 {Threatening mate: Qd3} 29. Rb2 Qd3+ 30. Kg1 Rh1+ (
30... Rh1+ 31. Kf2 Rf1#) 0-1

[Event "Norwood Centenary"]
[Site "Norwood"]
[Date "1990.04.14"]
[Round "1.14"]
[White "Hannagan, Peter"]
[Black "Wouters, Eddy"]
[Result "1-0"]
[WhiteElo "1651"]
[BlackElo "1135"]
[PlyCount "34"]
[EventDate "1990.04.14"]
[EventType "swiss"]
[EventRounds "6"]
[EventCountry "AUS"]

1. e4 c5 2. Nf3 Nc6 3. Bb5 Qc7 {Sicilian Defence [Rossolimo Variation]} 4. d3
$146 (4. Nc3 a6 5. Bxc6 dxc6 6. h3 e5 7. d3 Bd6 8. Be3 b6 9. Na4 Rb8 10. c3 Ne7
11. O-O O-O 12. d4 cxd4 13. cxd4 exd4 14. Bxd4 c5 15. e5 cxd4 16. exd6 Qxd6 17.
Qxd4 Qxd4 18. Nxd4 Bd7 19. Nc3 Rfd8 20. Rad1 Kf8 21. Rd2 Be8 22. Rfd1 Rd6 23.
Ne4 Rd5 24. Nc3 Rd6 25. a3 Nc6 26. Nxc6 Rxc6 27. Ne4 Rg6 28. f4 Ba4 29. Rd8+
Rxd8 30. Rxd8+ Ke7 31. Ra8 f5 32. Ra7+ Kd8 33. Ng5 h6 34. Nf7+ Kc8 35. Rxa6 Bb5
36. Ra8+ Kb7 37. Rg8 Bc6 38. Nd8+ Kc7 39. Nxc6 Kxc6 40. Rf8 Rd6 41. Rxf5 Rd1+
42. Kh2 Rd2 43. Rf7 Rxb2 44. Rxg7 Kd5 45. Rg6 Ke4 46. Rxh6 Kxf4 47. Rh4+ {
1-0 Segal,A-Jzschenko,O/WchJW-U18 Duisburg 1992/TD 92\06 (47)}) (4. c3 a6 5.
Ba4 Nf6 6. Qe2 g6 (6... e5 7. O-O b5 8. Bc2 Be7 9. a4 Rb8 10. axb5 axb5 11. Rd1
O-O 12. d4 cxd4 13. cxd4 d6 14. h3 Bd7 15. Nc3 Nxd4 16. Nxd4 exd4 17. Rxd4 b4
18. Nd5 Nxd5 19. Rxd5 {
1/2-1/2 Meier,V-Von Herman,U/2.BLN9697 Anhalt-Tegel 1997/BL2-N (19)}) 7. O-O
Bg7 8. h3 O-O 9. d3 d6 {1/2-1/2 Schaefer,M-Mainka,G/Dortmund-D 1991/EXP 22 (9)}
) 4... e5 5. Bxc6 dxc6 6. Be3 Nf6 7. h3 {Secures g4} Be7 8. g4 Qd7 $16 (8...
Be6 $142 $5 $11 {is interesting}) 9. Nxe5 Qd6 10. f4 Nxe4 $4 $18 {
leads to further unpleasantness} (10... Nd7 $142 11. Nxd7 Bxd7 $16) 11. dxe4
Bh4+ 12. Ke2 Qxd1+ 13. Rxd1 O-O (13... Be7 {is no salvation} 14. f5 $18) 14. g5
(14. Bxc5 $142 $5 {seems even better} Re8 $18) 14... Re8 (14... f6 {
hardly improves anything} 15. Nf3 fxg5 16. Bxc5 $18 (16. Nxg5 $6 Bxg5 17. fxg5
Bxh3 $18)) 15. Nf3 {White prepares e5} ({Worse is} 15. Bxc5 f6 16. gxf6 Bxf6
$18) 15... Bg3 16. e5 (16. Bxc5 $6 {is no comparison} Rxe4+ 17. Be3 Bf5 $18)
16... Rb8 17. Bxc5 (17. Nbd2 $142 {and White has prevailed} b6 $18) 17... Bxh3
(17... Bxf4 18. Bxa7 Ra8 $18) 1-0

[Event "Norwood Centenary"]
[Site "Norwood"]
[Date "1990.04.14"]
[Round "1.15"]
[White "Siow, David"]
[Black "Clarke, Richard"]
[Result "0-1"]
[WhiteElo "1130"]
[BlackElo "1626"]
[PlyCount "56"]
[EventDate "1990.04.14"]
[EventType "swiss"]
[EventRounds "6"]
[EventCountry "AUS"]

1. e4 d6 2. d4 Nf6 3. Nc3 g6 4. Nf3 Bg7 5. Be2 O-O 6. O-O Bg4 7. Be3 Nc6 {
Pirc Defence} 8. Qd2 e5 9. d5 Ne7 10. Rad1 Bd7 11. h3 (11. Bh6 b5 12. Bxg7 Kxg7
13. Bd3 Qb8 14. Ne2 Qb6 15. Ng3 Bg4 16. Be2 Bxf3 17. Bxf3 Nfg8 18. Bg4 f5 19.
exf5 Nh6 20. Bh3 Nhxf5 21. Ne4 {
1/2-1/2 Barczay,L-Keene,R/Dortmund 1982/MCL 01 (21)}) 11... b5 $146 (11... Ne8
12. Ne1 f5 13. exf5 gxf5 14. f4 Ng6 15. Nd3 Kh8 16. a4 Rg8 17. Kh1 a5 18. Bh5
e4 19. Nc1 Nh4 20. Bf7 Rf8 21. Bxe8 Qxe8 22. Nb3 Rg8 23. Nd4 Qh5 24. Rf2 Bf6
25. Ncb5 Bxb5 26. axb5 Rg3 27. Ne6 Rxe3 28. Kh2 Rg8 29. Ng5 Bxb2 30. g4 fxg4
31. hxg4 Qxg4 32. Rg1 Qh5 33. Nf7+ Qxf7 34. Rxg8+ Qxg8 35. Qxe3 Nf3+ {
0-1 Johannesson,L-Hoi,C/Reykjavik op 1988/TD 88\05 (35)}) 12. a3 a5 {
Black launches an attack} 13. Bxb5 Nxe4 14. Nxe4 Bxb5 15. Rfe1 f5 16. Bh6 $4
$19 {with this move White loses his initiative} (16. Nc3 $142 {
this is the best way to fight back} Bd7 17. Bh6 $14) 16... fxe4 17. Bxg7 Kxg7
18. Ng5 Bd7 19. Rxe4 Nf5 20. Rde1 h6 21. Ne6+ (21. Nf3 c6 $19) 21... Bxe6 22.
dxe6 Nd4 $4 $16 {throws away the game} (22... Qf6 $142 $19 {
would have made live much easier for Black}) 23. f4 $4 $19 {
White lets it slip away} (23. Rxd4 $142 Qf6 24. Ra4 $16) 23... Nxe6 24. fxe5 d5
25. Ra4 c6 26. Qd3 $2 (26. Qe3 $19) 26... Nc5 $1 {finishing the game} 27. Qd4
Nxa4 28. e6+ (28. Qxa4 {the last chance for counterplay} Qb6+ 29. Kh2 $19)
28... Qf6 (28... Qf6 29. Qxf6+ Kxf6 $19) 0-1

[Event "Norwood Centenary"]
[Site "Norwood"]
[Date "1990.04.14"]
[Round "1.16"]
[White "McLean, John"]
[Black "Steffensen, Neil"]
[Result "1-0"]
[WhiteElo "1616"]
[BlackElo "1125"]
[PlyCount "77"]
[EventDate "1990.04.14"]
[EventType "swiss"]
[EventRounds "6"]
[EventCountry "AUS"]

1. g4 e5 2. Bg2 {Grob} Nc6 (2... d5 3. c4 c6 4. cxd5 cxd5 5. Qb3 Ne7 6. Nc3 d4
7. Ne4 Nbc6 8. Ng5 Be6 9. Nxe6 fxe6 10. Qxe6 Qc8 11. Qxc8+ Rxc8 12. d3 Ng6 13.
Be4 Bb4+ 14. Kd1 O-O 15. Nf3 Nge7 16. h4 Bd6 17. h5 {
Kessler,D-Werner,B/Wuert-ch Schramberg 1993/GER 03/0-1 (65)}) 3. d3 Nf6 $11 (
3... h6 4. e4 Bc5 5. Nc3 d6 6. h3 Nge7 7. Bd2 Ng6 8. Nf3 Nh4 9. Nxh4 Qxh4 10.
Rf1 Be6 11. Na4 O-O-O 12. c3 Qe7 13. Qe2 Bxf2+ 14. Rxf2 b5 15. Qd1 bxa4 16.
Qxa4 Qd7 17. Be3 Kb8 18. Qb5+ Ka8 19. Qa4 Rb8 20. O-O-O Rb7 21. d4 exd4 22.
Bxd4 Nxd4 23. Qxd7 Bxd7 24. Rxd4 f6 {
1-0 Kayser,P-Gawlas,G/Nuernberg 1990/EXT 90op2 (24)}) (3... d5 4. h3 $15) 4. g5
{White gets strong initiative} Ng4 $2 $18 (4... Ng8 $142 $11 {
would keep Black alive}) 5. h3 d5 (5... Nxf2 6. Kxf2 Bc5+ 7. Kg3 $16) 6. hxg4
Bxg4 7. c3 d4 (7... Qd7 8. Rh4 $18) 8. Qb3 Be6 (8... Rb8 $18) 9. Qxb7 Ne7 (9...
Nb4 {is not the saving move} 10. cxb4 $1 {a beautiful, forced end to the game}
Rb8 11. Bc6+ Bd7 12. Bxd7+ Kxd7 13. Qd5+ Kc8 14. Qxe5 Bxb4+ 15. Nd2 Bxd2+ 16.
Kxd2 $18) 10. Qxa8 Bd5 (10... Qxa8 {doesn't do any good} 11. Bxa8 Nf5 12. Nf3
$18) 11. Bxd5 Nxd5 12. Qxd8+ (12. Qxa7 $5 {might be the shorter path} dxc3 13.
bxc3 Nb6 $18) 12... Kxd8 13. Nf3 Bc5 (13... f6 {
doesn't get the bull off the ice} 14. cxd4 exd4 15. Nxd4 fxg5 16. Bxg5+ Kd7 17.
Nc3 $18) 14. Nxe5 Rf8 (14... Re8 {does not save the day} 15. Nc6+ Kd7 16. Nxd4
Bxd4 17. cxd4 $18) 15. cxd4 Bxd4 16. Nc6+ Kc8 17. Nxd4 c5 18. Nb5 a6 19. Nd6+
Kc7 20. Ne4 Kc6 21. Rxh7 g6 22. Nbc3 Nb4 23. Kd1 a5 24. a3 Na6 25. Be3 c4 26.
dxc4 Rd8+ 27. Kc2 f5 28. gxf6 {Threatening mate... how?} Nc7 29. Rg7 (29. Nb5
Nxb5 30. cxb5+ Kd5 31. Re7 Rd7 32. Rd1+ Kc4 33. Re5 Rd5 34. Rexd5 a4 35. Nd6#)
29... Rf8 30. Rxg6 (30. Nb5 Rc8 31. Ned6 Ne6 32. Nxc8 Nxg7 33. fxg7 a4 34. g8=Q
Kb7 35. Ncd6+ Kc6 36. Qc8#) 30... Kb7 31. Rd1 {White gets decisive kings attack
} a4 32. Nxa4 Ne6 33. Rd7+ Kc8 (33... Kc6 {
doesn't change the outcome of the game} 34. Nac5 Rd8 35. Rxd8 Nxd8 36. f7+ Kc7
37. Bf4+ Kc8 38. Nd6+ Kc7 39. Nf5+ Kc8 40. Ne7#) 34. Nb6+ $18 (34. Rgg7 Nd4+
35. Bxd4 Rxf6 36. Nxf6 Kb8 37. Rd8#) 34... Kb8 35. Rd6 $18 (35. Bf4+ $1 Nc7 36.
Rxc7 Rc8 37. Nxc8 Ka8 38. Ra7#) 35... Rf7 36. Rxe6 {Threatening mate: Rg8} Re7
(36... Rc7 {doesn't change anything anymore} 37. Rg8+ Kb7 38. Nd6+ Ka6 39. Ra8+
Ra7 40. Ree8 Rxa8 41. Rxa8#) 37. Rg8+ Ka7 (37... Kc7 {
a fruitless try to alter the course of the game} 38. Rxe7+ Kc6 39. Rc8#) 38.
Rxe7+ Ka6 39. Ra8# 1-0

[Event "Norwood Centenary"]
[Site "Norwood"]
[Date "1990.04.14"]
[Round "2.1"]
[White "Djelaj, Pasko"]
[Black "Corner, Michael"]
[Result "1/2-1/2"]
[WhiteElo "1755"]
[BlackElo "1920"]
[PlyCount "99"]
[EventDate "1990.04.14"]
[EventType "swiss"]
[EventRounds "6"]
[EventCountry "AUS"]

1. d4 Nf6 2. Nf3 d5 3. g3 c5 4. c4 Nc6 5. cxd5 Nxd5 6. Bg2 cxd4 7. Nxd4 {
English Opening [Symmetrical Variation]} e5 $146 (7... Ndb4 8. Bxc6+ (8. Nxc6
Qxd1+ 9. Kxd1 Nxc6 10. Nc3 Bd7 (10... Bf5 11. Be3 O-O-O+ 12. Kc1 Nd4 13. Rd1
Nc2 14. Bxb7+ Kxb7 15. Rxd8 Nxa1 16. Bf4 g5 17. Bxg5 Bg7 18. Rxh8 Bxh8 19. e4
Bg6 20. f3 Bxc3 21. bxc3 f5 22. Kb2 fxe4 23. fxe4 Bxe4 24. Kxa1 e6 25. Kb2 {
Fritz,R-Baldauf,M/BL2-S 1990/BL2/1/2-1/2 (53)}) 11. Be3 g6 (11... O-O-O 12. Kc1
g6 13. Rd1 Bg7 14. Bxc6 Bxc6 15. Bxa7 Bxc3 16. bxc3 Rxd1+ 17. Kxd1 Rd8+ 18. Ke1
Rd5 {1/2-1/2 Milos,G-Morovic Fernandez,I/Santiago 1989/CBM 12 (18)}) 12. Rc1
Bg7 13. f4 O-O 14. Ke1 e5 15. Kf2 exf4 16. gxf4 Be6 17. b3 Rad8 18. Ne4 Bd4 19.
Nc5 Bxe3+ 20. Kxe3 Rfe8 21. Kf2 Nb4 22. a3 Nd5 {
Andersson,U-Leko,P/Ter Apel 1996/TUR 96/1-0 (91)}) 8... bxc6 9. Be3 e5 10. Nf3
Qxd1+ 11. Kxd1 f6 12. Nbd2 Be6 13. a3 Nd5 14. Rc1 Nxe3+ 15. fxe3 c5 16. Rc3 Be7
17. Kc1 O-O 18. e4 Rab8 19. Nc4 Rb5 20. Rd1 Rfb8 21. Rd2 Bf8 22. Kb1 {
Baldauf,M-Sideif Sade,F/Budapest Spring op 1989/TD 89\06/0-1 (45)}) 8. Nxc6
bxc6 {Secures d5} 9. O-O Bc5 10. Qc2 Qb6 11. a3 $11 {Covers b4} (11. Nc3 Nxc3
12. Qxc3 O-O $14) 11... O-O 12. Nc3 Nxc3 13. Qxc3 Ba6 14. Qc2 ({Instead of} 14.
Qxe5 Rae8 15. Qf4 Rxe2 $17) 14... Rad8 15. Rb1 Rd4 $2 $16 (15... Qb5 $142 $5
$11 {and Black is still in the game}) 16. b4 Be7 17. Be3 (17. Bxc6 {
is clearly inferior} Rc4 18. Qb2 Rxc6 $15) 17... Rc4 18. Qxc4 $1 {
a convincing end} (18. Bxb6 $6 Rxc2 19. Bxa7 Ra8 $14) 18... Bxc4 19. Bxb6 axb6
20. Bxc6 Rc8 21. Bf3 f5 22. Rfc1 e4 23. Bg2 b5 24. a4 bxa4 25. e3 $16 (25. Ra1
$142 $5 $18) 25... a3 26. Bf1 Be6 27. Rxc8+ Bxc8 28. Bc4+ Kf8 29. b5 $16 (29.
Rb3 Bd7 $18) 29... Bb7 30. Kf1 Bf6 31. Ke2 $16 (31. Rb4 Be7 32. Ra4 Bc5 $18)
31... Ke7 32. Kd2 Kd6 33. Kc2 Kc5 34. Ba2 g5 35. Rd1 Kxb5 36. Rd7 Bc6 37. Rxh7
Kb4 38. Rh6 (38. Rf7 Ba4+ 39. Kb1 Bc3 $18) 38... Ba4+ 39. Kb1 Bb2 40. Ra6 $14 (
40. h4 $142 {and White gets the upper hand} gxh4 41. gxh4 $18) 40... Bb5 {
Do you see the mate threat?} 41. Rb6 Kc5 42. Rxb5+ Kxb5 43. Be6 Kb4 {
Black activates its king} 44. Bxf5 $11 (44. h4 Kc3 $14) 44... Kb3 {
Do you see the mate threat?} 45. Be6+ Kc3 46. Bd5 Kd3 47. Ka2 Ke2 48. Bxe4 Kxf2
49. Bf5 Kxe3 50. g4 $15 (50. h4 $5 $11) 1/2-1/2